Accounting (Record no. 47332)
[ view plain ]
| 000 -LEADER | |
|---|---|
| fixed length control field | 00514nam a22001817a 4500 |
| 005 - DATE AND TIME OF LATEST TRANSACTION | |
| control field | 20260420110920.0 |
| 008 - FIXED-LENGTH DATA ELEMENTS--GENERAL INFORMATION | |
| fixed length control field | 260420b |||||||| |||| 00| 0 eng d |
| 020 ## - INTERNATIONAL STANDARD BOOK NUMBER | |
| ISBN | 978-1-133-60760-1 |
| 082 ## - DEWEY DECIMAL CLASSIFICATION NUMBER | |
| Classification number | 657 |
| Author Mark | WAR-A |
| 100 ## - MAIN ENTRY--AUTHOR | |
| Author Name | Warren, Carl |
| -- | Jefferson Jones |
| -- | William Tayler |
| 245 ## - TITLE STATEMENT | |
| Title | Accounting |
| 250 ## - EDITION STATEMENT | |
| Edition statement | 25 Ed, |
| Edition Volume | Vol-I, Vol-II |
| 260 ## - PUBLICATION, DISTRIBUTION, ETC. | |
| Place of Publication | Mason, USA |
| Name of publisher, distributor, etc. | Cengage Learning |
| Date of publication, distribution, etc. | 2013 |
| 300 ## - PHYSICAL DESCRIPTION | |
| Pages | 1328 p. |
| 500 ## - GENERAL NOTE | |
| General note | Includes an appendix, glossary, and subject index. |
| 650 ## - SUBJECT ADDED ENTRY--TOPICAL TERM | |
| Subject / Department | Accounting |
| 942 ## - ADDED ENTRY ELEMENTS (KOHA) | |
| Koha item type | Book |
| Withdrawn status | Lost status | Damaged status | Not for loan | Collection code | Permanent Location | Current Location | Shelving Location | Date acquired | Source of acquisition | Price | Inventory number | Total Checkouts | Full Call Number | Accession No./Barcode | Date last seen | Koha item type |
|---|---|---|---|---|---|---|---|---|---|---|---|---|---|---|---|---|
| Accounting | Air University Kharian Campus Library | Air University Kharian Campus Library | Accounting | 04/09/2026 | Ali Book Services | 6505.00 | KA/10221 | 657 WAR-A | AUKHP0571 | 04/20/2026 | Book | |||||
| Accounting | Air University Kharian Campus Library | Air University Kharian Campus Library | Accounting | 04/09/2026 | Ali Book Services | 6505.00 | KA/10221 | 657 WAR-A | AUKHP0572 | 04/20/2026 | Book |







